00345nam a2200121Ia 4500008004100000041000800041082001400049100001900063245004500082260005400127300003100181365001100212240624s9999 xx 000 0 und d aeng a339.4 BOS aBOSSHART DAVID aREAL COST OF THE GLOBAL TREND FOR BARGAI c2007aNew DelhibKogan Page India Private limited avii, : 197 : p. : cm. ; 22 cRSb33